Analýza vplyvu socio-kultúrnych faktorov na rozhodovanie o kúpe bio-potravinových produktov diplomová práca

Guardado en:
Detalles Bibliográficos
Autor principal: Palková, Michaela
Autor Corporativo: Fakulta podnikového manažmentu EU. Katedra podnikovohospodárska
Otros Autores: Štetka, Peter, 1986-
Formato: Libro
Lenguaje:eslovaco
Publicado: Bratislava 2015
Etiquetas: Agregar Etiqueta
Sin Etiquetas, Sea el primero en etiquetar este registro!

MARC

LEADER 00000nbm a2200000 4500
001 0201216
005 20161212100810.1
041 0 |a slo 
044 |a SK 
245 1 0 |a Analýza vplyvu socio-kultúrnych faktorov na rozhodovanie o kúpe bio-potravinových produktov  |b diplomová práca  |c Michaela Palková ; školiteľ: Peter Štetka 
264 1 |a Bratislava  |c 2015 
300 |a 70 s. 
100 1 |a Palková, Michaela 
700 1 |a Štetka, Peter, 1986- 
710 2 |a Fakulta podnikového manažmentu EU. Katedra podnikovohospodárska